Clubs de Serie A par emojis - Statistiques

Statistiques générales
  • Ce quiz a été pris 198 fois
    49 depuis la dernière actualisation
  • Le résultat moyen est 11 sur 20
Statistiques - réponses
Hint Réponse % Correct
💜💜⚜️ Fiorentina
88%
💙🖤⭐️⭐️ Inter Milan
81%
🖤🤍👵⭐️⭐️⭐️ Juventus
81%
❤️🖤🏴󠁧󠁢󠁥󠁮󠁧󠁿⭐️ AC Milan
79%
❤️💛🐺 AS Rome
79%
💚🖤⚽️ Sassuolo
71%
🤎🤍🐂 Torino FC
64%
💙🤍🏆 Napoli
60%
💙🤍🦅 Lazio Rome
50%
❤️💙🏝️ Cagliari
45%
💙💛🐶 Hellas Vérone
45%
🖤🤍🦓 Udinese
45%
💙🖤👩 Atalanta
43%
🩶❤️🩶 Cremonese
38%
💙❤️🏴󠁧󠁢󠁥󠁮󠁧󠁿 Bologne FC
33%
💙💛💙 Parme
33%
💙🤍🌊 Côme
31%
💙🖤🗼 Pisa
31%
💙💛❤️🐺🌳 Lecce
29%
❤️💙🦁🦅 Genoa
26%
Aucun quiz correspondant
Distribution des résultats
% des personnes avec chaque résultat
Percentile par nombre de réponses
Votre historique - résultats
Vous n’avez pas pris ce quiz depuis la dernière actualisation